000 00777nam a2200217Ii 4500
003 JO-AjNU
008 230605s9999||||xx |||||||||||||| ||und||
017 _a2001/8/2141
040 _aJO-AjNU
_bara
_erda
_cJO-AjNU
041 _aara
050 1 4 _aAG196.2005
100 3 _aالزعبي، أمجد احمد ،الزغموري، خليل محمد، الزمر، زهدي حسني / اعداد,
_eauthor
_939745
245 0 0 _aالرائد الجديد في الثقافة العامة للمرحلة الثانوية : المستوى 1 : الإنسان
250 _aط1
264 3 1 _aد.ن،2005
300 _a173ص
336 _atext
_btxt
_2rdacontent
337 _aunmediated
_bn
_2rdamedia
338 _avolume
_bnc
_2rdacarrier
650 4 _aثقافة عامة
_939746
999 _aA16812
_c20380
_d20380